000
00282nam a22001337a 4500
020
_a
978-93-5030-075-6
041
_a
ENG
100
_a
Sharaf .S
245
_a
Green House Environment
260
_a
Delhi
_b
Oxford Book Company
_c
2012
300
_a
272
650
_a
FS
856
_u
FS
999
_c
838
_d
838